Statistics for EOSC - Tornadoes

Click here to take the quiz!

General Stats

  • This quiz has been taken 15 times
  • The average score is 4 of 55

Answer Stats

HintAnswer% Correct
shapes for tornadoescone
71%
wedge
71%
cylinder
43%
rope
43%
you can recognize tornadoes byfunnel cloud
29%
2funnel cloud
29%
where to be if outsideditch
14%
use what scale?enhanced fujita scale
14%
hourglass
14%
damage path is ...narrow
14%
specificallytornado alley
14%
v-shaped
14%
tornado evolution 1wall cloud
14%
speed at center0 - 100 km/hr
0%
what percent of supercells make tornadoes?20-30%
0%
tornado outbreak6 in a day and place
0%
tornado watch6 to 12 hour forecast
0%
which uses the ...amount of damage
0%
where to be if insidebelow ground
0%
below line of fire
0%
bigger dust whirl
0%
and/or by ...debris cloud
0%
4decaying rope stage
0%
5dissipating
0%
shape and intensity ...don't relate
0%
which means that you can ...drive away
0%
where to be if cardrive away
0%
made of ...dust and debris
0%
dust whirl
0%
get to shelter
0%
but some tornadoes are ...invisible
0%
wall cloudisolated lowering of cloud base
0%
long
0%
or ...many in a week
0%
3mature tornado
0%
which are ...much faster
0%
where are tornadoes?north america
0%
not in a mobile home
0%
outside of the ...precipitation region
0%
beneath ...rising cumulus towers
0%
rotating wall cloud
0%
what causes the damage from tornadoesrotational winds at center
0%
tornadoes are (time) ...short
0%
often associated with ...squall lines
0%
generally ...straight
0%
recognizing supercell rotation by ...striations around the mesocyclone
0%
they make the ...strongest tornadoes
0%
on the ...SW flank
0%
tornado movementSW to NE
0%
tornado warningthere is one now
0%
this is where ...tornadoes form
0%
or in europe ...TORRO scale
0%
tornado forecastingvery hard
0%
made of ...water droplets
0%
which uses the ...wind speed
0%

Score Distribution

Percentile by Number Answered

Percent of People with Each Score

Your Score History

You have not taken this quiz